000 00254nam a2200097Ia 4500
008 191201s2019 xx 000 0 und d
100 _aLAUDON,Kenneth
245 0 _aEssentials Management Information Systems
260 _bPearson
_aNew Delhi
942 _2ddc
_cBK
999 _c7949
_d7949